Los términos procesales en el derecho (Registro nro. 6780)

Detalles MARC
000 -LEADER
fixed length control field 00819nam a2200253Ia 4500
003 - CONTROL NUMBER IDENTIFIER
control field OSt
005 - DATE AND TIME OF LATEST TRANSACTION
control field 20200805105830.0
008 - FIXED-LENGTH DATA ELEMENTS--GENERAL INFORMATION
fixed length control field 130821s1994 ck gr spa
020 ## - INTERNATIONAL STANDARD BOOK NUMBER
International Standard Book Number 9589288170
040 ## - CATALOGING SOURCE
Original cataloging agency CO-JMCR
Transcribing agency CO-JMCR
041 0# - LANGUAGE CODE
Language code of text/sound track or separate title spa
082 04 - DEWEY DECIMAL CLASSIFICATION NUMBER
Classification number 345.1 /
Item number S684t
Edition number 23
100 1# - MAIN ENTRY--PERSONAL NAME
Personal name Solano Sierra, Jairo Enrique,
Relator term autor
9 (RLIN) 8419
245 13 - TITLE STATEMENT
Title Los términos procesales en el derecho
Statement of responsibility, etc. Jairo Enrique Solano Sierra
250 ## - EDITION STATEMENT
Edition statement Segunda edición
260 ## - PUBLICATION, DISTRIBUTION, ETC.
Place of publication, distribution, etc. Bogotá :
Name of publisher, distributor, etc. Librería Doctrina y Ley,
Date of publication, distribution, etc. 1994.
300 ## - PHYSICAL DESCRIPTION
Extent 472 páginas ;
Dimensions 23 cm.
504 ## - BIBLIOGRAPHY, ETC. NOTE
Bibliography, etc. note Bibliografía: páginas 471-472.
505 0# - FORMATTED CONTENTS NOTE
Formatted contents note Temas de doctrina -- Temas de jurisprudencia
650 14 - SUBJECT ADDED ENTRY--TOPICAL TERM
Topical term or geographic name entry element Doctrina
General subdivision Jurisprudencia
9 (RLIN) 8420
650 24 - SUBJECT ADDED ENTRY--TOPICAL TERM
Topical term or geographic name entry element Doctrina
General subdivision Sentencia
9 (RLIN) 8421
650 24 - SUBJECT ADDED ENTRY--TOPICAL TERM
Topical term or geographic name entry element Términos procesales
9 (RLIN) 8422
942 ## - ADDED ENTRY ELEMENTS (KOHA)
Source of classification or shelving scheme Dewey Decimal Classification
Koha item type Books
Existencias
Withdrawn status Lost status Source of classification or shelving scheme Damaged status Not for loan Home library Current library Shelving location Date acquired Source of acquisition Total Checkouts Full call number Barcode Date last seen Copy number Price effective from Koha item type Public note
    Dewey Decimal Classification     Biblioteca Pública José María del Castillo y Rada Biblioteca Pública José María del Castillo y Rada General Stacks 04/15/2018 Donación   345.1 / S684t 201809955 05/16/2024 Ej.1 08/05/2020 Books Exlibris: rúbrica en portada.